00491nam a22001817a 450000500170000001000150001702000260003203500140005803700130007208200100008510000180009524500520011325000120016526000410017727000340021830000210025250000360027320220211114652.0 aENG-123273 a9789352533374c325.00 aEN-106805 bDBAD/PUB a330.1 aLokanathan, V aA History Of Economic Thought/cby V Lokanathan a10th ed aNew DelhibS. Chand Publishingc2017 aRam Nagar,bNew Delhie110055 a382p.c22cm(pbk) aFor BA/MA students of economics